Kliknij państwo do populacji - Statystyki

Ogólne statystyki
  • Ten quiz został rozwiązany 6 401 razy
  • Średni wynik to 11 z 16
Statystyki odpowiedzi
Hint Explanation Odpowiedź % Poprawnych
Stany Zjednoczone 349 mln D. powyżej 100 milionów
95%
Chiny 1426 mln D. powyżej 100 milionów
90%
Wielka Brytania 69,8 mln C. 10 do 100 milionów
86%
Monako 39 000 A. poniżej 1 miliona
82%
Nauru 12 000 A. poniżej 1 miliona
80%
Korea Południowa 51,7 mln C. 10 do 100 milionów
74%
Turcja 87,5 mln C. 10 do 100 milionów
74%
Nowa Zelandia 5,24 mln B. 1 do 10 milionów
73%
Norwegia 5,59 mln B. 1 do 10 milionów
73%
Islandia 394,000 A. poniżej 1 miliona
72%
Mongolia 3,49 mln B. 1 do 10 milionów
62%
Bangladesz 174 mln D. powyżej 100 milionów
62%
Republika Południowej Afryki 64,2 mln C. 10 do 100 milionów
61%
Singapur 5,84 mln B. 1 do 10 milionów
56%
Paragwaj 6,95 mln B. 1 do 10 milionów
54%
Etiopia 133 mln D. powyżej 100 milionów
48%
Nie znaleziono quizów pasujących do podanych kryteriów
Rozkład punktacji
Procent ludzi z każdym wynikiem
Percentyl według liczby udzielonych odpowiedzi
Twoja historia wyników
Nie rozwiązałeś tego quizu